000 00431nam a2200193Ia 4500
003 OSt
005 20221005125113.0
006 a|||||r|||| 00| 0
007 ta
008 221004b |||||||| |||| 00| 0 eng d
024 _a120424
037 _cTextual
040 _aCRL
_cCRL
_beng
041 _2eng
_aeng
245 0 _aOther Language
650 _aPUNJABI LITERATURE
942 _cTEXL
_2cc
999 _c1052874
_d1052874